000 00677nam a2200229 a 4500
001 BRCA_7780
005 20190320210005.0
008 300913s1915----sp-#######---#000-0#spa-#
041 _aspa
044 _asp
050 4 _aNK7162
_b.R36 1915
100 1 _aRamírez de Arellano, Rafael
_919265
245 1 0 _aEstudio sobre la historia de la orfebrería toledana
_cpor Rafael Ramírez de Arellano.
260 _aEspaña
_bProvincial
_c1915
300 _a431 p.
_bil.
_c24 cm.
500 _aX22
650 1 4 _aOrfebrería
_zToledo, España
_919266
650 1 4 _aPlatería
_zToledo, España
_919267
651 4 _aToledo
_vMetales preciosos
_919268
902 _aGFM
942 _2lcc
_cB
999 _c7454
_d7454